| 000 | 00505nam a2200169Ia 4500 | ||
|---|---|---|---|
| 999 |
_c15644 _d15644 |
||
| 003 | OSt | ||
| 005 | 20200606115828.0 | ||
| 008 | 190216s9999||||xx |||||||||||||| ||und|| | ||
| 040 | _cMESKC library | ||
| 082 |
_a891.22 _bMUN/B |
||
| 100 |
_aTripathi, Radhavallab _9293 |
||
| 245 | 0 |
_aSampshipth Natya Shasthram / _c Radhavallab Tripathi |
|
| 260 |
_bAkshaivad Prakashan, _aAllahabad: _c1992. |
||
| 300 | _a322p | ||
| 650 | _aHindi | ||
| 942 |
_cBK _2ddc _h891.22 _iMUN/B _k891.22 _mMUN/B |
||